<?xml version="1.0" encoding="UTF-8"?>
<record
    xmlns:xsi="http://www.w3.org/2001/XMLSchema-instance"
    xsi:schemaLocation="http://www.loc.gov/MARC21/slim http://www.loc.gov/standards/marcxml/schema/MARC21slim.xsd"
    xmlns="http://www.loc.gov/MARC21/slim">

  <leader>01372cam a22002771i 4500</leader>
  <controlfield tag="003">SA-RiAUC</controlfield>
  <controlfield tag="005">20260313121437.0</controlfield>
  <controlfield tag="008">260312s1915    xx     g      000 0aara c</controlfield>
  <datafield tag="040" ind1=" " ind2=" ">
    <subfield code="a">SA-RiDKA</subfield>
    <subfield code="b">ara</subfield>
    <subfield code="c">SA-RiAUC</subfield>
    <subfield code="e">rda</subfield>
  </datafield>
  <datafield tag="043" ind1=" " ind2=" ">
    <subfield code="a">a-su---</subfield>
  </datafield>
  <datafield tag="082" ind1="0" ind2="4">
    <subfield code="a">915.31204</subfield>
    <subfield code="q">SA-RiAUC</subfield>
  </datafield>
  <datafield tag="090" ind1=" " ind2=" ">
    <subfield code="a">&#x645; &#x646; 915.31204</subfield>
    <subfield code="b">&#x647;&#x640; &#x627; &#x634;</subfield>
  </datafield>
  <datafield tag="100" ind1="1" ind2=" ">
    <subfield code="a">&#x627;&#x644;&#x647;&#x627;&#x634;&#x645;&#x64A;&#x60C; &#x63A;&#x631;&#x64A;&#x628; &#x628;&#x646; &#x639;&#x62C;&#x64A;&#x628;&#x60C;</subfield>
    <subfield code="d">&#x62A;&#x648;&#x641;&#x64A; &#x628;&#x639;&#x62F; 1309 &#x647;&#x62C;&#x631;&#x64A;</subfield>
    <subfield code="e">&#x645;&#x624;&#x644;&#x641;.</subfield>
  </datafield>
  <datafield tag="245" ind1="1" ind2="0">
    <subfield code="a">&#x643;&#x62A;&#x627;&#x628; &#x633;&#x64A;&#x627;&#x62D;&#x62A;&#x64A; &#x625;&#x644;&#x649; &#x627;&#x644;&#x62D;&#x62C;&#x627;&#x632; &#x648;&#x647;&#x64A; &#x62D;&#x648;&#x627;&#x62F;&#x62B; &#x648;&#x627;&#x642;&#x639;&#x64A;&#x629; &#x644;&#x644;&#x634;&#x64A;&#x62E; &#x63A;&#x631;&#x64A;&#x628; &#x628;&#x646; &#x627;&#x644;&#x634;&#x64A;&#x62E; &#x639;&#x62C;&#x64A;&#x628; &#x627;&#x644;&#x647;&#x627;&#x634;&#x645;&#x64A; &#x648;&#x642;&#x62F; &#x62D;&#x631;&#x631;&#x647;&#x627; &#x628;&#x64A;&#x62F;&#x647;.</subfield>
  </datafield>
  <datafield tag="246" ind1="3" ind2="0">
    <subfield code="a">&#x633;&#x64A;&#x627;&#x62D;&#x62A;&#x64A; &#x625;&#x644;&#x649; &#x627;&#x644;&#x62D;&#x62C;&#x627;&#x632; &#x648;&#x647;&#x64A; &#x62D;&#x648;&#x627;&#x62F;&#x62B; &#x648;&#x627;&#x642;&#x639;&#x64A;&#x629; &#x644;&#x644;&#x634;&#x64A;&#x62E; &#x63A;&#x631;&#x64A;&#x628; &#x628;&#x646; &#x627;&#x644;&#x634;&#x64A;&#x62E; &#x639;&#x62C;&#x64A;&#x628; &#x627;&#x644;&#x647;&#x627;&#x634;&#x645;&#x64A; &#x648;&#x642;&#x62F; &#x62D;&#x631;&#x631;&#x647;&#x627; &#x628;&#x64A;&#x62F;&#x647;</subfield>
  </datafield>
  <datafield tag="250" ind1=" " ind2=" ">
    <subfield code="a">&#x627;&#x644;&#x637;&#x628;&#x639;&#x629; &#x627;&#x644;&#x623;&#x648;&#x644;&#x649;.</subfield>
  </datafield>
  <datafield tag="264" ind1=" " ind2="1">
    <subfield code="a">[&#x645;&#x643;&#x627;&#x646; &#x627;&#x644;&#x646;&#x634;&#x631; &#x63A;&#x64A;&#x631; &#x645;&#x62D;&#x62F;&#x62F;] :</subfield>
    <subfield code="b">[&#x627;&#x644;&#x646;&#x627;&#x634;&#x631; &#x63A;&#x64A;&#x631; &#x645;&#x62D;&#x62F;&#x62F;]&#x60C;</subfield>
    <subfield code="c">1915</subfield>
  </datafield>
  <datafield tag="300" ind1=" " ind2=" ">
    <subfield code="a">497 &#x635;&#x641;&#x62D;&#x629; &#x61B;</subfield>
    <subfield code="c">29 &#x633;&#x645;</subfield>
  </datafield>
  <datafield tag="336" ind1=" " ind2=" ">
    <subfield code="a">&#x646;&#x635;</subfield>
    <subfield code="b">txt</subfield>
    <subfield code="2">rdacontent</subfield>
    <subfield code="3">&#x643;&#x62A;&#x627;&#x628;</subfield>
  </datafield>
  <datafield tag="337" ind1=" " ind2=" ">
    <subfield code="a">&#x628;&#x62F;&#x648;&#x646; &#x648;&#x633;&#x64A;&#x637;</subfield>
    <subfield code="b">n</subfield>
    <subfield code="2">rdamedia</subfield>
  </datafield>
  <datafield tag="338" ind1=" " ind2=" ">
    <subfield code="a">&#x645;&#x62C;&#x644;&#x62F;</subfield>
    <subfield code="b">nc</subfield>
    <subfield code="2">rdacarrier</subfield>
  </datafield>
  <datafield tag="600" ind1="1" ind2="7">
    <subfield code="a">&#x627;&#x644;&#x647;&#x627;&#x634;&#x645;&#x64A;&#x60C; &#x63A;&#x631;&#x64A;&#x628; &#x628;&#x646; &#x639;&#x62C;&#x64A;&#x628;&#x60C;</subfield>
    <subfield code="d">&#x62A;&#x648;&#x641;&#x64A; &#x628;&#x639;&#x62F; 1309 &#x647;&#x62C;&#x631;&#x64A;</subfield>
    <subfield code="x">&#x631;&#x62D;&#x644;&#x627;&#x62A;</subfield>
    <subfield code="z">&#x627;&#x644;&#x633;&#x639;&#x648;&#x62F;&#x64A;&#x629;</subfield>
    <subfield code="z">&#x627;&#x644;&#x62D;&#x62C;&#x627;&#x632;</subfield>
    <subfield code="2">aucnm</subfield>
  </datafield>
  <datafield tag="651" ind1=" " ind2="7">
    <subfield code="a">&#x627;&#x644;&#x62D;&#x62C;&#x627;&#x632; (&#x627;&#x644;&#x633;&#x639;&#x648;&#x62F;&#x64A;&#x629;)</subfield>
    <subfield code="x">&#x648;&#x635;&#x641; &#x648;&#x631;&#x62D;&#x644;&#x627;&#x62A;</subfield>
    <subfield code="2">aucsh</subfield>
  </datafield>
  <datafield tag="942" ind1=" " ind2=" ">
    <subfield code="2">ddc</subfield>
    <subfield code="c">RBOOK COPY</subfield>
    <subfield code="n">0</subfield>
  </datafield>
  <datafield tag="949" ind1=" " ind2=" ">
    <subfield code="a">SA-JeALM</subfield>
    <subfield code="d">260312</subfield>
    <subfield code="u">mohamedma123</subfield>
    <subfield code="n">1</subfield>
  </datafield>
  <datafield tag="952" ind1=" " ind2=" ">
    <subfield code="0">0</subfield>
    <subfield code="1">0</subfield>
    <subfield code="2">ddc</subfield>
    <subfield code="4">0</subfield>
    <subfield code="7">0</subfield>
    <subfield code="a">WAHAB</subfield>
    <subfield code="b">WAHAB</subfield>
    <subfield code="d">2026-03-13</subfield>
    <subfield code="l">0</subfield>
    <subfield code="o">&#x645; &#x646; 915.31204  &#x647;&#x640; &#x627; &#x634;</subfield>
    <subfield code="p">000023043</subfield>
    <subfield code="r">2026-03-13 12:15:17</subfield>
    <subfield code="w">2026-03-13</subfield>
    <subfield code="y">RBOOK COPY</subfield>
  </datafield>
  <datafield tag="999" ind1=" " ind2=" ">
    <subfield code="c">14557</subfield>
    <subfield code="d">14557</subfield>
  </datafield>
</record>
